Comisión Nacional de Valores (Record no. 4131)

MARC details
000 -CABECERA
campo de control de longitud fija 00720nam a2200241 a 4500
001 - NÚMERO DE CONTROL
campo de control BRCA_4422
005 - FECHA Y HORA DE LA ÚLTIMA TRANSACCIÓN
campo de control 20190320204651.0
008 - DATOS DE LONGITUD FIJA--INFORMACIÓN GENERAL
campo de control de longitud fija 190810t1954----mx-a######---#000-0#spa-#
041 ## - CÓDIGO DE LENGUA
Código de lengua del texto/banda sonora o título independiente spa
044 ## - CÓDIGO DEL PAÍS DE LA ENTIDAD EDITORA/PRODUCTORA
Código MARC del país mx
050 #4 - SIGNATURA TOPOGRÁFICA DE LA BIBLIOTECA DEL CONGRESO
Número de clasificación HG5161
Número de documento/Ítem .C66 6
-- 1954
245 10 - MENCIÓN DE TÍTULO
Título Comisión Nacional de Valores
Resto del título memoria anual 1954.
260 ## - PUBLICACIÓN, DISTRIBUCIÓN, ETC.
Lugar de publicación, distribución, etc. México
Nombre del editor, distribuidor, etc. CNV
Fecha de publicación, distribución, etc. 1954
300 ## - DESCRIPCIÓN FÍSICA
Extensión 201 p.
Otras características físicas il., tablas, gráficas
Dimensiones 20 cm.
500 ## - NOTA GENERAL
Nota general Incluye nota preliminar
500 ## - NOTA GENERAL
Nota general Ver también AM50, CFG34, CFG36, S103 y S105
500 ## - NOTA GENERAL
Nota general S124
650 14 - PUNTO DE ACCESO ADICIONAL DE MATERIA--TÉRMINO DE MATERIA
Término de materia o nombre geográfico como elemento de entrada Mercado de valores
Subdivisión de forma Memorias
Subdivisión geográfica México
9 (RLIN) 11230
650 14 - PUNTO DE ACCESO ADICIONAL DE MATERIA--TÉRMINO DE MATERIA
Término de materia o nombre geográfico como elemento de entrada Finanzas
Subdivisión de forma Balances
Subdivisión geográfica México
9 (RLIN) 11231
710 2# - PUNTO DE ACCESO ADICIONAL--NOMBRE DE ENTIDAD CORPORATIVA
Nombre de entidad corporativa o nombre de jurisdicción como elemento de entrada Comisión Nacional de Valores
9 (RLIN) 10924
902 ## - CATALOGADOR
Iniciales GFM
942 ## - ELEMENTOS DE PUNTO DE ACCESO ADICIONAL (KOHA)
Fuente del sistema de clasificación o colocación Library of Congress Classification
Tipo de ítem Koha Libros
Holdings
Estado de retiro Estado de pérdida Estado dañado No para préstamo Localización permanente Ubicación/localización actual Fecha de adquisición Número de inventario Total de préstamos Signatura topográfica completa Código de barras Fecha visto por última vez Precio válido a partir de Tipo de ítem Koha
El ejemplar forma parte de la colección y puede ser consultado según las políticas vigentes.       Biblioteca del Museo Franz Mayer (Rogerio Casas-Alatriste) Biblioteca del Museo Franz Mayer (Rogerio Casas-Alatriste) 19/08/2010 S124   HG5161 .C66 6 1954 (S124) 4419 22/03/2019 22/03/2019 Libros